| 000 | 00373nam a2200133Ia 4500 | ||
|---|---|---|---|
| 008 | 231129s1985||||xx |||||||||||||| ||spa|| | ||
| 040 | _bspa | ||
| 082 | _aCo864 M828d | ||
| 100 | _aMorales Benitez Otto | ||
| 245 | 0 | _aDeclaracion personal : Escenas dialogos y personas en la formacion de un escritor | |
| 260 | _c1985 | ||
| 264 | _aUniversidad Central | ||
| 942 |
_2ddc _cBKS |
||
| 999 |
_c8862 _d8862 |
||